000 00790nam a22001937a 4500
999 _c5070
_d5070
003 OSt
005 20231227113317.0
008 181201b xxu||||| |||| 00| 0 spa d
040 _cPJ
245 1 0 _aProtocolo unificado de los ministerios públicos de la República Argentina :
_bguía para el levantamiento y conservación de la evidencia /
_cMinisterio de Justicia y Derechos Humanos de la Nación.
260 _aCiudad Autónoma de Buenos Aires :
_bMinisterio de Justicia y Derechos Humanos de la Nación,
_c2017.
300 _a56 p.
490 _aPrograma Nacional de Criminalística
650 0 _9343
_aDERECHO PENAL
650 0 _92348
_aPROCESO PENAL
650 0 _92716
_aINSTRUCCIÓN
650 0 _92968
_aINVESTIGACIÓN DEL HECHO
942 _2udc
_cLIB
_h343.132(035)
_iMAN